Online
Catalog

El estado, el cones y la UASD / (Record no. 28572)

MARC details
000 -CABECERA
campo de control de longitud fija 00555nam a2200157 a 4500
001 - NÚMERO DE CONTROL
campo de control 000029080
005 - FECHA Y HORA DE LA ÚLTIMA TRANSACCIÓN
campo de control 20200930055322.0
008 - DATOS DE LONGITUD FIJA--INFORMACIÓN GENERAL
campo de control de longitud fija 110413s1987 dr 000 0 spa d
040 ## - FUENTE DE LA CATALOGACIÓN
Centro catalogador/agencia de origen DO-SdBNP
Lengua de catalogación spa
Centro/agencia transcriptor BNPHU
049 ## - FONDOS LOCALES (OCLC)
Fondos de biblioteca BNPD
100 1# - ENTRADA PRINCIPAL--NOMBRE DE PERSONA
Nombre de persona Rosa, Jesús de la
9 (RLIN) 19724
245 #3 - MENCIÓN DE TÍTULO
Título El estado, el cones y la UASD /
Mención de responsabilidad, etc. Jesús de la Rosa.
260 ## - PUBLICACIÓN, DISTRIBUCIÓN, ETC.
Lugar de publicación, distribución, etc. Santo Domingo :
Nombre del editor, distribuidor, etc. Editora Universitaria,
Fecha de publicación, distribución, etc. 1987.
490 1# - MENCIÓN DE SERIE
Mención de serie Universidad Autónoma de Santo Domingo
Designación de volumen o secuencia 553
Mención de serie UASD Crítica
-- 33
830 #0 - PUNTO DE ACCESO ADICIONAL DE SERIE-TÍTULO UNIFORME
Título uniforme Universidad Autónoma de Santo Domingo
Designación de volumen o secuencia 553
Nombre de parte o sección de la obra UASD Crítica
Número de parte o sección de la obra 33
9 (RLIN) 55980
Holdings
Estado de retiro Estado de pérdida No para préstamo Código de colección Localización permanente Ubicación/localización actual Ubicación en estantería Fecha de adquisición Número de inventario Total de préstamos Signatura topográfica completa Código de barras Fecha visto por última vez Precio válido a partir de Tipo de ítem Koha Número de copia
    Excluido de préstamo Patrimonio Dominicano Patrimonio Dominicano Patrimonio Dominicano Depósito 13.04.2011 LF1   29080-10 25.06.2020 25.06.2020 Libro y Folleto Colección Patrimonio Dominicano  
    Excluido de préstamo Patrimonio Dominicano Patrimonio Dominicano Patrimonio Dominicano Depósito 15.06.2015 LF1   29080-20 25.06.2020 25.06.2020 Libro y Folleto Colección Patrimonio Dominicano e. 2

Powered by Koha